Instituciones políticas
محفوظ في:
| المؤلف الرئيسي: | |
|---|---|
| التنسيق: | كتاب |
| اللغة: | الإسبانية |
| منشور في: |
Santiago
LexisNexis
2008
|
| الطبعة: | 13a. ed |
| سلاسل: | Colección Manuales
|
| الموضوعات: | |
| الوسوم: |
إضافة وسم
لا توجد وسوم, كن أول من يضع وسما على هذه التسجيلة!
|
MARC
| LEADER | 00000nam a2200000 a 4500 | ||
|---|---|---|---|
| 001 | UCI7285 | ||
| 003 | CL-VaPUC | ||
| 008 | 080619e20080000CL |||||||||||||||||spa|d | ||
| 020 | |a 9789562387460 | ||
| 082 | 0 | 4 | |a 320.983 |b MOL |2 21 |
| 100 | |a Molina Guaita, Hernán |e autor |9 618323 | ||
| 245 | 1 | 0 | |a Instituciones políticas |
| 250 | |a 13a. ed | ||
| 300 | |a 387 p | ||
| 942 | |c BK | ||
| 945 | |d 20080619 00:00:00 |a jtorresc | ||
| 260 | |a Santiago |b LexisNexis |c 2008 | ||
| 650 | 0 | |a Instituciones políticas |9 255506 | |
| 650 | 0 | |a Política y gobierno |9 255151 | |
| 650 | 0 | |a Instituciones sociales |9 329915 | |
| 650 | 0 | |a Derecho político |9 257756 | |
| 650 | 7 | |a TEORIA POLITICA |2 CL-VaPUC |9 530461 | |
| 650 | 7 | |a FORMAS DE ESTADO |2 CL-VaPUC |9 257793 | |
| 650 | 0 | |a Poder político |9 255509 | |
| 650 | 0 | |a Estado de derecho |9 257795 | |
| 583 | |a last modification |c 20080619 00:00:00 |k Rodrigo Vera | ||
| 490 | 0 | |a Colección Manuales | |
| 999 | |c 330608 |d 330606 | ||
| 952 | |0 0 |1 0 |4 0 |6 320_983000000000000_MOL_2008 |7 0 |8 A |9 416232 |a BIBDER |b BIBDER |d 2019-11-22 |i 4451147 |o 320.983 MOL 2008 |p 4451147 |r 2023-01-25 |w 2019-11-22 |y BK |k DER | ||